000
00284nmm a2200097Ia 4500
008
220120s9999||||xx |||||||||||||||||und||
020
_a
978-0-07-060092-8
100
_a
Digit
245
0
_a
Games, gear up, moonbase alpha, kerbal space program demo an
260
_a
Nine dot Nine
_b
New Delhi
999
_c
139957
_d
139957